000 00659nab a2200193 4500
001 244442
003 OSt
005 20231004115456.0
007 tu
008 200917s2020|||||||
040 _aDE-2950
_cDE-2950
245 0 0 _aNeue Wohnhäuser im Pflaumenweg sind begehrt
_bImmobilien. Das Interesse an gehobenem 'Wohnen ist in Frankfurt groß. Rund 300 Gäste haben das noch nicht fertiggestellte Quartier besichtigt/
_cPhilipp Stepputtis
264 _c2023
653 _aFrankfurt (Oder)
653 _aWohnungsbau
653 _aPflaumenweg
773 0 _g34. Jahrgang (2023) Nr. 225 vom 26.09.2023, S. 16, mit Foto
_tMärkische Oderzeitung
942 _2z
_cA
999 _c372748
_d372748